000 00778nam a2200169 a 4500
008 151214s2013 ||||||||||||||||| || u
020 _a9780124160040
050 _aRM 171.4 Imm
100 _aSocie, Gerard
245 1 0 _aImmune biology of allogeneic hematopoietics stem cell transplantation: models in discovery and translation
_cEdited by Gerard Socie and Bruce Blazar
260 _aAmsterdam
_bAcademic Press/Elsevier
_c2013
300 _axviii, 518p.: ill.
350 _a125.18
650 _aTRANSPLANTATION -- IMMUNOLOGY
650 _aHEMATOPOIETIC STEM CELLS -- TRANSPLANTATION
995 _aMICHAEL CHILUFYA SATA OPEN ACCESS
_e903184
_FCBU-SCHOOL OF MEDICINE LIBRARY (Ndola)
_I125.18
_jRM 171.4 Imm
_M1
_UAVAILABLE
_WDec 16, 2015
_y903184
_ZMedical Library Open Access Collection
999 _c31767
_d31767